Comuni della Valle d'Aosta (con mappa) - Statistics

Statistiche generali
  • Questo quiz è stato fatto 1.260 volte
  • Il punteggio medio è 25 su 74
Risposte nella Mappa
Le risposte nella mappa del quiz sottostante sono codificate secondo una scala di colori dal rosso al verde in base alla % di persone che hanno risposto correttamente.
 
Statistiche sulle risposte
Comune % Corretto
Aosta
98%
Courmayeur
83%
Cogne
68%
Saint-Vincent
54%
Châtillon
52%
Pont-Saint-Martin
51%
La Thuile
49%
Gressoney-Saint-Jean
48%
Gressoney-La-Trinité
47%
Verrès
47%
Fénis
46%
Morgex
46%
Nus
45%
Bard
44%
Pré-Saint-Didier
42%
Sarre
42%
La Salle
41%
Valtournenche
40%
Saint-Pierre
39%
Arnad
38%
Quart
38%
Ayas
37%
Hône
37%
Gressan
36%
Aymavilles
35%
Brusson
35%
Valgrisenche
35%
Valsavarenche
35%
Rhêmes-Notre-Dame
34%
Arvier
33%
Bionaz
33%
Chamois
33%
Donnas
33%
Saint-Christophe
33%
Gaby
32%
Villeneuve
32%
Champorcher
31%
Introd
31%
Pollein
31%
Avise
30%
Gignod
30%
Torgnon
30%
Étroubles
29%
Saint-Marcel
29%
Valpelline
29%
Antey-Saint-André
28%
Issime
28%
Jovençan
28%
Saint-Rhémy-en-Bosses
28%
Brissogne
27%
Chambave
27%
Issogne
27%
Montjovet
27%
Ollomont
27%
Charvensod
26%
Fontainemore
26%
Rhêmes-Saint-Georges
26%
Verrayes
26%
Champdepraz
25%
Saint-Nicolas
25%
Challand-Saint-Anselme
24%
Challand-Saint-Victor
24%
Roisan
24%
Allein
23%
Doues
23%
Oyace
22%
Perloz
22%
La Magdeleine
21%
Pontey
21%
Saint-Denis
21%
Saint-Oyen
21%
Lillianes
20%
Pontboset
19%
Émarèse
17%
Nessun quiz corrispondente trovato
Distribuzione punteggi
Percentuale di utenti per punteggio
Percentile per numero di risposta
I tuoi punteggi nel tempo
Non hai fatto questo quiz